[Event "BRA-ch U18"]
[Site "Aracaju"]
[Date "2024.05.23"]
[Round "6"]
[White "Kazuhiro Shikasho, Erik"]
[Black "Spina, Arthur Lopes"]
[Result "1-0"]
[WhiteElo "1860"]
[BlackElo "1800"]
[PlyCount "89"]
[EventDate "2024.05.22"]
[EventType "swiss"]
[EventRounds "6"]
[EventCountry "BRA"]
[SourceTitle "CB22_2024"]
[SourceDate "2024.05.29"]
[SourceVersion "1"]
[SourceVersionDate "2024.05.29"]
[SourceQuality "1"]

1. e4 e6 2. d4 d5 3. Nc3 dxe4 4. Nxe4 Nd7 5. Nf3 Ngf6 6. Bd3 Be7 7. 0-0 0-0 8. Qe2 b6 9. Re1 Bb7 10. Neg5 c5 11. Nxe6 Bxf3 12. Nxd8 Bxe2 13. Nc6 Bd6 14. Rxe2 Rac8 15. dxc5 Nxc5 16. Ne7+ Bxe7 17. Rxe7 Nxd3 18. cxd3 Rfe8 19. Rxe8+ Rxe8 20. Be3 Nd5 21. Rc1 a6 22. a3 b5 23. Re1 g6 24. g3 f5 25. Bd2 Rxe1+ 26. Bxe1 Kf7 27. Kg2 Ke6 28. Bc3 Ne7 29. Kf3 Nd5 30. h3 Kd6 31. g4 Ke6 32. Kg3 Ne7 33. Kf4 h6 34. Bg7 Nd5+ 35. Kg3 h5 36. Bc3 Kf7 37. Ba5 Kf6 38. Bd8+ Kf7 39. Bg5 hxg4 40. hxg4 Ke6 41. Bd2 Kf6 42. Kh4 Ne7 43. Bg5+ Ke6 44. Bxe7 Kxe7 45. gxf5 1-0

[Event "BRA-ch U18"]
[Site "Aracaju"]
[Date "2024.05.22"]
[Round "2"]
[White "Oliveira, Olavo Tadeu Carvalh"]
[Black "Spina, Arthur Lopes"]
[Result "1-0"]
[WhiteElo "1728"]
[BlackElo "1800"]
[PlyCount "54"]
[EventDate "2024.05.22"]
[EventType "swiss"]
[EventRounds "6"]
[EventCountry "BRA"]
[SourceTitle "CB22_2024"]
[SourceDate "2024.05.29"]
[SourceVersion "1"]
[SourceVersionDate "2024.05.29"]
[SourceQuality "1"]

1. d4 d5 2. c4 e6 3. Nc3 Nf6 4. cxd5 exd5 5. Bg5 Be7 6. e3 0-0 7. Bd3 c6 8. Qc2 Nbd7 9. Nf3 h6 10. Bh4 Re8 11. 0-0 Ne4 12. Bxe7 Qxe7 13. Rab1 Ndf6 14. b4 a6 15. a4 Nxc3 16. Qxc3 Ne4 17. Qc2 Bd7 18. Ne5 Nd6 19. Rfc1 Rac8 20. Qb3 Be6 21. b5 axb5 22. axb5 cxb5 23. Bxb5 Nxb5 24. Qxb5 Qa3 25. Re1 Re7 26. Qb4 Qxb4 27. Rxb4 Bf5 1-0